Momentos dipolares en química inorgánica

Saved in:
Bibliografiske detaljer
Main Authors: Moody, G. J. (autor), Thomas, J. D (Author)
Format: Bog
Sprog:spansk
Udgivet: Madrid Alhambra 1974
Serier:Exedra, 91. Ciencia, Técnica, Ingeniería. Sección I, Química, 25
Fag:
Tags: Tilføj Tag
Ingen Tags, Vær først til at tagge denne postø!

MARC

LEADER 00000nam a2200000 a 4500
001 UCT4571
003 CL-VaPUC
008 961114e19740000SP |||||||||||||||||spa|d
082 0 4 |a 537.243  |b MOO  |2 21 
100 |a Moody, G. J.  |e autor  |9 373905 
700 0 |a Thomas, J. D  |e author  |9 373906 
245 1 0 |a Momentos dipolares en química inorgánica 
300 |a 115 p 
942 |c BK 
945 |d 19961114 00:00:00  |a cmena 
260 |a Madrid  |b Alhambra  |c 1974 
650 0 |a Química inorgánica  |9 260154 
650 0 |a Electromagnetismo   |9 260123 
650 0 |a Propagación de ondas  |9 263256 
650 0 |a Estructura molecular  |9 306892 
650 7 |a QUIMICA MOLECULAR  |2 CL-VaPUC  |9 360477 
650 0 |a Reacciones químicas  |9 259438 
583 |a last modification  |c 19961114 00:00:00  |k Rodrigo Vera 
490 0 |a Exedra, 91. Ciencia, Técnica, Ingeniería. Sección I, Química, 25 
999 |c 253871  |d 253869 
952 |0 0  |1 0  |4 0  |6 537_243000000000000_MOO_1974  |7 0  |8 A  |9 275029  |a BIBCUR  |b BIBCUR  |d 2019-11-19  |i 1789457  |o 537.243 MOO 1974  |p 1789457  |r 2025-04-22  |w 2019-11-19  |y BK  |k QUI